| 000 | 01160nam a22002537a 4500 | ||
|---|---|---|---|
| 005 | 20160126112815.0 | ||
| 008 | 160126s1923 fre||||fr|||| 000 0afre d | ||
| 040 |
_cSandra Yazo _dSandra Yazo |
||
| 041 | 0 | _afre | |
| 082 | 0 | 4 |
_220 _a920 |
| 092 | _aE38N017 | ||
| 100 | 1 |
_aGorky, Maksim _d1868-1936 _975064 |
|
| 245 | 1 | 0 |
_aEn gagnant mon pain _bMémoires autobiographiques _cMaxime Gorki ; Traduit d’ après le manuscrit par Serge Persky |
| 250 | _aNeuvième édition [Novena edición] | ||
| 260 |
_aParís (Francia) _bCalmann-Lévy, Éditeurs [Calmann-Lévy, editores] _c1923 |
||
| 300 |
_aiii, 360 páginas _c19 x 12 cm. |
||
| 500 | _aDetalles físicos: Encuadernación flexible en cartulina. Tapas y lomo con datos de publicación impresos. Hoja de cortesías. Anteportada. Portada impresa en una sola tinta. Texto impreso en una columna. Algunas hojas sin refilar | ||
| 600 | 1 |
_aGorky, Maksim _d1868-1936 _xAutobiografías _975065 |
|
| 650 | 7 |
_99766 _aAutobiografías |
|
| 650 | 7 |
_918740 _aLiteratura rusa |
|
| 690 |
_942750 _aBiografías |
||
| 700 | 1 |
_aPersky, Serge _c1870-1938 _etraductor _975066 |
|
| 942 |
_2LOCAL _cLIBRO _e1 _hE38N017 |
||
| 999 |
_c302506 _d302506 |
||